[Event "Liga Madrileña 2010/2011 - D. Honor"]
[Site "Madrid ESP"]
[Date "2011.02.13"]
[Round "10.13"]
[White "Rubio Mejia, Luis"]
[Black "Ramirez Garcia, Jorge Alberto"]
[Result "1-0"]
[WhiteElo "2409"]
[BlackElo "2255"]
[PlyCount "63"]
[EventDate "2010.11.21"]
[EventType "team"]
[EventRounds "14"]
[EventCountry "ESP"]
[Source "lmi"]
[SourceDate "2010.11.21"]
[WhiteTeam "Virgen de Atocha"]
[BlackTeam "Moratalaz"]
[WhiteTeamCountry "ESP"]
[BlackTeamCountry "ESP"]

1. d4 d5 2. c4 c6 3. Nc3 Nf6 4. Nf3 e6 5. Bg5 h6 6. Bxf6 Qxf6 7. e3 g6 8. Bd3
Bg7 9. O-O O-O 10. Re1 dxc4 11. Bxc4 Nd7 12. e4 e5 13. d5 Nb6 14. Bb3 Bg4 15.
Re3 Rad8 16. h3 Bc8 17. Rd3 h5 18. a4 Nd7 19. dxc6 bxc6 20. Rd6 Nc5 21. Bxf7+
Kh7 22. Bxg6+ Qxg6 23. Rxd8 Bxh3 24. Nh4 Qg5 25. Rxf8 Qxh4 26. Rf7 Bg4 27. Qd6
Ne6 28. Qxe5 Kg8 29. Rxg7+ Nxg7 30. f3 Be6 31. Rd1 Bb3 32. Qb8+ 1-0

[Event "Liga Madrileña 2010/2011 - D. Honor"]
[Site "Madrid ESP"]
[Date "2011.02.13"]
[Round "10.14"]
[White "Cao Armillas, Jesus"]
[Black "Nieto de la Cruz, Julio"]
[Result "1-0"]
[WhiteElo "2189"]
[BlackElo "2135"]
[PlyCount "105"]
[EventDate "2010.11.21"]
[EventType "team"]
[EventRounds "14"]
[EventCountry "ESP"]
[Source "lmi"]
[SourceDate "2010.11.21"]
[WhiteTeam "Collado Villalba"]
[BlackTeam "Pueblo Nuevo"]
[WhiteTeamCountry "ESP"]
[BlackTeamCountry "ESP"]

1. d4 Nf6 2. c4 c5 3. d5 b5 4. cxb5 a6 5. bxa6 g6 6. Nc3 Bxa6 7. Nf3 d6 8. g3
Bg7 9. Bg2 Nbd7 10. Rb1 O-O 11. O-O Qa5 12. Bd2 Nb6 13. b3 Qa3 14. Ne1 Bb7 15.
Nc2 Qa6 16. e4 Nfd7 17. a4 Ne5 18. Nb5 Rac8 19. Bc3 Na8 20. f4 Nd7 21. Bxg7
Kxg7 22. Rf2 Nc7 23. Nca3 Nxb5 24. Nxb5 Qa5 25. Bf1 Nb6 26. Rc2 Rb8 27. Qe1 Qa8
28. a5 Nd7 29. Ra1 Bc8 30. Bc4 Rb7 31. e5 dxe5 32. fxe5 Qb8 33. e6 Ne5 34. Qc3
fxe6 35. a6 Rf3 36. Qb2 Rxb5 37. Bxb5 Rf6 38. a7 Nf3+ 39. Kh1 Qxb5 40. a8=Q Bb7
41. Qd8 Nd4 42. Rf2 Bxd5+ 43. Kg1 Nf5 44. g4 Qb4 45. Qxe7+ Nxe7 46. Qxf6+ Kh6
47. Qh4+ Kg7 48. Qxe7+ Kh6 49. Qf8+ Kg5 50. Qf6+ Kh6 51. Qh4+ Kg7 52. Ra7+ Bb7
53. Rf7+ 1-0

[Event "Liga Madrileña 2010/2011 - D. Honor"]
[Site "Madrid ESP"]
[Date "2011.02.13"]
[Round "10.14"]
[White "Solaesa Navalpotro, Luis Julio"]
[Black "Martinez Martin, David"]
[Result "1/2-1/2"]
[WhiteElo "2251"]
[BlackElo "2398"]
[PlyCount "53"]
[EventDate "2010.11.21"]
[EventType "team"]
[EventRounds "14"]
[EventCountry "ESP"]
[Source "lmi"]
[SourceDate "2010.11.21"]
[WhiteTeam "Moratalaz"]
[BlackTeam "Virgen de Atocha"]
[WhiteTeamCountry "ESP"]
[BlackTeamCountry "ESP"]

1. d4 Nf6 2. Nf3 e6 3. g3 c5 4. Bg2 Nc6 5. c4 cxd4 6. Nxd4 Bc5 7. Nb3 Be7 8.
Nc3 d6 9. O-O O-O 10. e4 Qc7 11. Nd4 Nxd4 12. Qxd4 a6 13. b3 Rb8 14. Bb2 b6 15.
h3 Re8 16. Rad1 Bb7 17. Rfe1 Bf8 18. e5 dxe5 19. Qxe5 Qxe5 20. Rxe5 Bxg2 21.
Kxg2 Red8 22. Rxd8 Rxd8 23. Re1 Rd2 24. Re2 Rd3 25. Re1 Rd2 26. Re2 Rd3 27. Re1
1/2-1/2

[Event "Liga Madrileña 2010/2011 - D. Honor"]
[Site "Madrid ESP"]
[Date "2011.02.13"]
[Round "10.15"]
[White "Vazquez Torres, Adrian"]
[Black "Sanchez Rojo, Gustavo"]
[Result "0-1"]
[WhiteElo "2166"]
[BlackElo "2201"]
[PlyCount "140"]
[EventDate "2010.11.21"]
[EventType "team"]
[EventRounds "14"]
[EventCountry "ESP"]
[Source "lmi"]
[SourceDate "2010.11.21"]
[WhiteTeam "Virgen de Atocha"]
[BlackTeam "Moratalaz"]
[WhiteTeamCountry "ESP"]
[BlackTeamCountry "ESP"]

1. e4 c5 2. Nf3 e6 3. b3 b6 4. Bb2 Bb7 5. Nc3 d6 6. d4 cxd4 7. Qxd4 a6 8. O-O-O
Nc6 9. Qd3 Nf6 10. h3 Qc7 11. Nd4 Nxd4 12. Qxd4 Be7 13. g4 Rc8 14. Bd3 Qc5 15.
Qxc5 dxc5 16. a4 O-O 17. f4 b5 18. axb5 axb5 19. Bxb5 Nxe4 20. Nxe4 Bxe4 21.
Rhe1 Bc6 22. Bc4 Bh4 23. Re3 Bf2 24. Red3 Be4 25. Rd7 Be3+ 26. Kb1 Bxf4 27.
Bxe6 fxe6 28. Re1 Bxc2+ 29. Kxc2 Rf7 30. Rxf7 Kxf7 31. Rf1 g5 32. Be5 Kg6 33.
Bxf4 Rf8 34. Re1 gxf4 35. Rxe6+ Kg5 36. Kd2 Kh4 37. Ke1 Kxh3 38. Kf2 Kxg4 39.
Re7 h6 40. Rg7+ Kh5 41. Kf3 Rb8 42. Kxf4 Rxb3 43. Rg1 Rb8 44. Kf5 Rf8+ 45. Ke5
c4 46. Rh1+ Kg5 47. Rg1+ Kh4 48. Rh1+ Kg5 49. Rg1+ Kh5 50. Rh1+ Kg6 51. Rg1+
Kh7 52. Rc1 Re8+ 53. Kf6 Rc8 54. Rc3 Rc5 55. Ke6 h5 56. Kd6 Rc8 57. Kd7 Rc5 58.
Kd6 Ra5 59. Rxc4 Kg6 60. Ke6 Kg5 61. Rb4 h4 62. Rc4 Ra3 63. Ke5 h3 64. Rc2 Re3+
65. Kd4 Re1 66. Kd5 Kg4 67. Kd4 Kg3 68. Rc8 h2 69. Rg8+ Kf3 70. Rf8+ Ke2 0-1

[Event "Liga Madrileña 2010/2011 - D. Honor"]
[Site "Madrid ESP"]
[Date "2011.02.13"]
[Round "10.16"]
[White "Fraga Castro, Jose Carlos"]
[Black "Perez de Aranda Alonso, Leonardo"]
[Result "0-1"]
[WhiteElo "2212"]
[BlackElo "2161"]
[PlyCount "256"]
[EventDate "2010.11.21"]
[EventType "team"]
[EventRounds "14"]
[EventCountry "ESP"]
[Source "lmi"]
[SourceDate "2010.11.21"]
[WhiteTeam "Moratalaz"]
[BlackTeam "Virgen de Atocha"]
[WhiteTeamCountry "ESP"]
[BlackTeamCountry "ESP"]

1. e4 c5 2. Nc3 a6 3. g3 b5 4. Bg2 Bb7 5. f4 e6 6. d3 Be7 7. Nf3 d5 8. e5 h5 9.
d4 Nh6 10. Ne2 Nf5 11. c3 Nc6 12. h3 cxd4 13. cxd4 Bb4+ 14. Kf2 Qb6 15. g4 hxg4
16. hxg4 Rxh1 17. Bxh1 Nh6 18. Kg3 O-O-O 19. Be3 Kb8 20. Nc1 f6 21. Nd3 Be7 22.
Qd2 Nf7 23. Rc1 Rg8 24. Bg2 Qd8 25. Nc5 Bxc5 26. Rxc5 fxe5 27. fxe5 g5 28. Rc1
Ne7 29. Rh1 Nf5+ 30. gxf5 exf5 31. Kf2 f4 32. Bxf4 gxf4 33. Qxf4 Rf8 34. e6+
Nd6 35. Qe5 Re8 36. Rh7 Ka8 37. Rd7 Ne4+ 38. Ke3 Qc8 39. Rc7 Qxe6 40. Qxe6 Rxe6
41. Ne5 Nd6 42. b3 Nf5+ 43. Kd3 Rh6 44. Rd7 Rh4 45. Nf3 Rg4 46. Bf1 Re4 47. Be2
b4 48. Rf7 Ng3 49. Bd1 a5 50. Rd7 Nf1 51. Rd6 Re3+ 52. Kc2 Rc3+ 53. Kb1 Rxf3
54. Bxf3 Nd2+ 55. Kc2 Nxf3 56. Kd3 Ng5 57. Kc2 Ne4 58. Rh6 Kb8 59. Rb6 Ka7 60.
Rg6 Bc8 61. Rh6 Nc3 62. Kb2 Bf5 63. Rh2 Kb6 64. a3 Nb5 65. axb4 axb4 66. Rd2
Kc6 67. Kc1 Kd6 68. Kd1 Nc3+ 69. Ke1 Bb1 70. Kf1 Ke6 71. Rf2 Ba2 72. Ke1 Bxb3
73. Rb2 Bc4 74. Rxb4 Nb5 75. Kd2 Nxd4 76. Rb7 Ke5 77. Rd7 Ne6 78. Kc3 Bb5 79.
Rxd5+ Kxd5 80. Kb2 Bf1 81. Kc3 Nd4 82. Kb4 Nc6+ 83. Kc3 Ke4 84. Kc2 Kd4 85. Kb3
Bd3 86. Kb2 Na5 87. Ka2 Kc3 88. Ka1 Nb3+ 89. Ka2 Be4 90. Ka3 Nc5 91. Ka2 Bd5+
92. Ka1 Na4 93. Kb1 Nc5 94. Ka1 Be6 95. Kb1 Nb3 96. Ka2 Kc2 97. Ka3 Kc3 98. Ka2
Bc4 99. Kb1 Nc5 100. Ka1 Bb3 101. Kb1 Bc2+ 102. Ka1 Na6 103. Ka2 Nb4+ 104. Ka1
Bb3 105. Kb1 Nc2 106. Kc1 Nd4 107. Kb1 Bd5 108. Ka1 Nc2+ 109. Kb1 Kd3 110. Kb2
Kd2 111. Kb1 Kc3 112. Kc1 Na3 113. Kd1 Be4 114. Kc1 Nb5 115. Kd1 Nd4 116. Ke1
Kd3 117. Kf2 Nf5 118. Ke1 Bf3 119. Kf2 Ke4 120. Kf1 Ke3 121. Ke1 Nd4 122. Kf1
Be2+ 123. Kg2 Nf5 124. Kh3 Kf2 125. Kh2 Bf1 126. Kh1 Ne3 127. Kh2 Ng4+ 128. Kh1
Bg2# 0-1

[Event "Liga Madrileña 2010/2011 - D. Honor"]
[Site "Madrid ESP"]
[Date "2011.02.13"]
[Round "10.21"]
[White "Adan Bermudez, Sergio"]
[Black "Vazquez Igarza, Renier"]
[Result "0-1"]
[WhiteElo "2264"]
[BlackElo "2558"]
[PlyCount "84"]
[EventDate "2010.11.21"]
[EventType "team"]
[EventRounds "14"]
[EventCountry "ESP"]
[Source "lmi"]
[SourceDate "2010.11.21"]
[WhiteTeam "Pueblo Nuevo"]
[BlackTeam "Collado Villalba"]
[WhiteTeamCountry "ESP"]
[BlackTeamCountry "ESP"]

1. c4 Nf6 2. Nc3 g6 3. g3 Bg7 4. Bg2 O-O 5. e4 d6 6. Nge2 c5 7. a3 Nc6 8. Rb1
Bg4 9. f3 Be6 10. d3 a6 11. Be3 b5 12. cxb5 axb5 13. Nxb5 Qa5+ 14. Nec3 Rfb8
15. a4 Qb4 16. Bd2 Bb3 17. Qc1 Ne5 18. Bf1 Nxf3+ 19. Ke2 Nxd2 20. Qxd2 Bxa4 21.
Nxa4 Qxd2+ 22. Kxd2 Rxa4 23. Nc3 Rab4 24. Kc2 Ng4 25. Nd1 Nf2 26. Nxf2 Rxb2+
27. Rxb2 Rxb2+ 28. Kd1 Rxf2 29. Be2 Bc3 30. g4 Kg7 31. h4 h6 32. Rf1 Rxf1+ 33.
Bxf1 h5 34. Be2 Kh6 35. Kc2 Be1 36. Kb3 hxg4 37. Bxg4 Bxh4 38. Kc4 Bf6 39. Bd7
e6 40. Be8 Kg7 41. Ba4 Bd4 42. Kb5 Kf6 0-1

[Event "Liga Madrileña 2010/2011 - D. Honor"]
[Site "Madrid ESP"]
[Date "2011.02.13"]
[Round "10.22"]
[White "Moreno Ruiz, Javier"]
[Black "Barez Menendez, Hector"]
[Result "1-0"]
[WhiteElo "2527"]
[BlackElo "2168"]
[PlyCount "71"]
[EventDate "2010.11.21"]
[EventType "team"]
[EventRounds "14"]
[EventCountry "ESP"]
[Source "lmi"]
[SourceDate "2010.11.21"]
[WhiteTeam "Collado Villalba"]
[BlackTeam "Pueblo Nuevo"]
[WhiteTeamCountry "ESP"]
[BlackTeamCountry "ESP"]

1. d4 d5 2. c4 e6 3. Nc3 Nf6 4. cxd5 exd5 5. Bg5 c6 6. Qc2 Be7 7. e3 Nbd7 8.
Bd3 Nh5 9. Bxe7 Qxe7 10. Nge2 Nb6 11. O-O-O g6 12. Ng3 Nxg3 13. hxg3 Bd7 14.
Rh6 Bg4 15. Rdh1 Bh5 16. Qd2 Qg5 17. e4 Qxd2+ 18. Kxd2 Kf8 19. e5 Kg7 20. R6xh5
gxh5 21. Rxh5 f6 22. f4 Nc4+ 23. Kc1 Kf7 24. Rf5 Raf8 25. Rxf6+ Kg7 26. Bxc4
dxc4 27. Rd6 Rd8 28. Ne4 Kf7 29. Ng5+ Ke7 30. Re6+ Kd7 31. Rh6 Rdf8 32. Kd2 b5
33. Rd6+ Ke7 34. Rxc6 h6 35. Rc7+ Ke8 36. Ne4 1-0

[Event "Liga Madrileña 2010/2011 - D. Honor"]
[Site "Madrid ESP"]
[Date "2011.02.13"]
[Round "10.23"]
[White "Baigorri Navarro, Francisco Javier"]
[Black "Ortiz Herranz, Eleazar"]
[Result "1/2-1/2"]
[WhiteElo "2149"]
[BlackElo "2243"]
[PlyCount "64"]
[EventDate "2010.11.21"]
[EventType "team"]
[EventRounds "14"]
[EventCountry "ESP"]
[Source "lmi"]
[SourceDate "2010.11.21"]
[WhiteTeam "Pueblo Nuevo"]
[BlackTeam "Collado Villalba"]
[WhiteTeamCountry "ESP"]
[BlackTeamCountry "ESP"]

1. d4 Nf6 2. c4 g6 3. Nc3 d5 4. Nf3 Bg7 5. cxd5 Nxd5 6. g3 Nb6 7. Bg2 Nc6 8. e3
O-O 9. O-O Re8 10. Qc2 Bf5 11. e4 Bg4 12. d5 Bxf3 13. Bxf3 Nd4 14. Qd1 Nxf3+
15. Qxf3 e6 16. dxe6 Rxe6 17. Bf4 c6 18. Rad1 Qe7 19. Rfe1 Nc4 20. b3 Ne5 21.
Qe2 g5 22. Bxe5 Bxe5 23. Nd5 Qe8 24. Ne3 Bc3 25. Rf1 Rxe4 26. Qh5 f6 27. Qxe8+
Raxe8 28. Rd7 R8e7 29. Rd8+ Re8 30. Rd7 R8e7 31. Rd8+ Re8 32. Rd7 R8e7 1/2-1/2

[Event "Liga Madrileña 2010/2011 - D. Honor"]
[Site "Madrid ESP"]
[Date "2011.02.13"]
[Round "10.25"]
[White "Fernandez Lledo, Javier"]
[Black "Cepeda Delgado, Camilo Jose"]
[Result "1/2-1/2"]
[WhiteElo "2138"]
[BlackElo "2187"]
[PlyCount "88"]
[EventDate "2010.11.21"]
[EventType "team"]
[EventRounds "14"]
[EventCountry "ESP"]
[Source "lmi"]
[SourceDate "2010.11.21"]
[WhiteTeam "Pueblo Nuevo"]
[BlackTeam "Collado Villalba"]
[WhiteTeamCountry "ESP"]
[BlackTeamCountry "ESP"]

1. e4 e6 2. d4 d5 3. Nd2 Nf6 4. e5 Ne4 5. Bd3 Nxd2 6. Bxd2 c5 7. dxc5 Nc6 8.
Qe2 Bxc5 9. c3 Qc7 10. Nf3 Bd7 11. b4 Be7 12. Rc1 Rc8 13. O-O O-O 14. Bf4 Qd8
15. h4 f6 16. b5 Nxe5 17. Bxe5 fxe5 18. Nxe5 Qe8 19. c4 Bf6 20. Rfd1 Bxe5 21.
Qxe5 Qf7 22. Qe3 Qf4 23. Qxf4 Rxf4 24. g3 Rff8 25. cxd5 exd5 26. f4 b6 27. Bf1
Be6 28. Bg2 Rxc1 29. Rxc1 d4 30. a3 Rc8 31. Rxc8+ Bxc8 32. Bd5+ Kf8 33. Kf2 Bf5
34. Kf3 Ke7 35. Be4 g6 36. g4 Bd7 37. Bd3 Be6 38. h5 gxh5 39. g5 Bd5+ 40. Kg3
Kf7 41. Kh4 Bf3 42. Kg3 Bd5 43. Kh4 Bf3 44. Kg3 Bd5 1/2-1/2

[Event "Liga Madrileña 2010/2011 - D. Honor"]
[Site "Madrid ESP"]
[Date "2011.02.13"]
[Round "10.26"]
[White "Lorite Cruz, Francisco"]
[Black "Rodrigo Yanguas, Maria"]
[Result "0-1"]
[WhiteElo "2095"]
[BlackElo "2070"]
[PlyCount "64"]
[EventDate "2010.11.21"]
[EventType "team"]
[EventRounds "14"]
[EventCountry "ESP"]
[Source "lmi"]
[SourceDate "2010.11.21"]
[WhiteTeam "Collado Villalba"]
[BlackTeam "Pueblo Nuevo"]
[WhiteTeamCountry "ESP"]
[BlackTeamCountry "ESP"]

1. d4 d5 2. e3 Nc6 3. Nf3 Bg4 4. Be2 Nf6 5. Nbd2 e6 6. c3 Bd6 7. c4 O-O 8. a3
a5 9. b3 Ne4 10. Bb2 f5 11. cxd5 exd5 12. Ne5 Bxe2 13. Qxe2 Qg5 14. O-O Nxd2
15. Qxd2 f4 16. exf4 Qxf4 17. Qc3 Rf6 18. Rae1 Rh6 19. g3 Qf5 20. f4 Rf8 21.
Qf3 Rhf6 22. Qxd5+ Kh8 23. Qg2 h5 24. Qe4 Ne7 25. Nc4 Qxe4 26. Rxe4 Nd5 27.
Rfe1 h4 28. Kg2 Bxf4 29. gxf4 Nxf4+ 30. Rxf4 Rxf4 31. Re2 Rf3 32. Ne5 h3+ 0-1

[Event "Liga Madrileña 2010/2011 - D. Honor"]
[Site "Madrid ESP"]
[Date "2011.02.13"]
[Round "10.31"]
[White "Gallego Jimenez, Victoriano"]
[Black "Enjuto Velasco, Roberto"]
[Result "0-1"]
[WhiteElo "2398"]
[BlackElo "2184"]
[PlyCount "80"]
[EventDate "2010.11.21"]
[EventType "team"]
[EventRounds "14"]
[EventCountry "ESP"]
[Source "lmi"]
[SourceDate "2010.11.21"]
[WhiteTeam "La Casa del Ajedrez"]
[BlackTeam "Vallecas CDV"]
[WhiteTeamCountry "ESP"]
[BlackTeamCountry "ESP"]

1. d4 d5 2. c4 c6 3. Nc3 Nf6 4. e3 g6 5. Nf3 Bg7 6. Bd3 O-O 7. O-O Bg4 8. h3
Bxf3 9. Qxf3 e6 10. Rd1 Nbd7 11. b3 dxc4 12. bxc4 e5 13. Rb1 Qc7 14. Ba3 Rfe8
15. c5 exd4 16. exd4 Rad8 17. Bc1 h6 18. Bf4 Qc8 19. Bc4 g5 20. Bd6 b5 21. Bb3
a5 22. a4 b4 23. Ne2 Nf8 24. Ng3 g4 25. hxg4 Qxg4 26. Qxc6 Ne6 27. Be5 Nh5 28.
Bxe6 Rxe6 29. Qc7 Rde8 30. Bxg7 Kxg7 31. Nxh5+ Qxh5 32. d5 Rg6 33. Qf4 Rg4 34.
Qf3 Ree4 35. d6 Ref4 36. Qd5 Rg5 37. Qa8 Rf3 38. d7 Qg4 39. Qxf3 Qxf3 40. g3
Rh5 0-1

[Event "Liga Madrileña 2010/2011 - D. Honor"]
[Site "Madrid ESP"]
[Date "2011.02.13"]
[Round "10.32"]
[White "Gonzalez Mateos, Rafael"]
[Black "Bass, Leonid"]
[Result "1/2-1/2"]
[WhiteElo "2197"]
[BlackElo "2415"]
[PlyCount "59"]
[EventDate "2010.11.21"]
[EventType "team"]
[EventRounds "14"]
[EventCountry "ESP"]
[Source "lmi"]
[SourceDate "2010.11.21"]
[WhiteTeam "Vallecas CDV"]
[BlackTeam "La Casa del Ajedrez"]
[WhiteTeamCountry "ESP"]
[BlackTeamCountry "ESP"]

1. d4 Nf6 2. c3 b6 3. Bg5 Bb7 4. Nd2 c5 5. e3 e6 6. Ngf3 Be7 7. Bd3 h6 8. Bh4
O-O 9. Qe2 Nc6 10. O-O cxd4 11. cxd4 Nb4 12. Bb5 a6 13. Ba4 b5 14. Bb3 Ne4 15.
Bxe7 Qxe7 16. a3 Nxd2 17. Nxd2 Nd5 18. g3 f5 19. Rfc1 Rac8 20. Rxc8 Rxc8 21.
Qe1 Nf6 22. Rc1 Qf8 23. Bc2 Qd6 24. Bd3 Rxc1 25. Qxc1 Qd5 26. f3 Ng4 27. Qe1
Nf6 28. Qc1 Ng4 29. Qe1 Nf6 30. Qc1 1/2-1/2

[Event "Liga Madrileña 2010/2011 - D. Honor"]
[Site "Madrid ESP"]
[Date "2011.02.13"]
[Round "10.33"]
[White "Rojo Huerta, Gabriel"]
[Black "Montañes Arribas, Adrian"]
[Result "1/2-1/2"]
[WhiteElo "2375"]
[BlackElo "2147"]
[PlyCount "63"]
[EventDate "2010.11.21"]
[EventType "team"]
[EventRounds "14"]
[EventCountry "ESP"]
[Source "lmi"]
[SourceDate "2010.11.21"]
[WhiteTeam "La Casa del Ajedrez"]
[BlackTeam "Vallecas CDV"]
[WhiteTeamCountry "ESP"]
[BlackTeamCountry "ESP"]

1. d4 d5 2. c4 c6 3. Nf3 Nf6 4. Nc3 dxc4 5. a4 Bf5 6. Ne5 Nbd7 7. Nxc4 Qc7 8.
Qd2 Bg6 9. Qf4 Qxf4 10. Bxf4 Nb6 11. Ne5 Nbd5 12. Nxg6 hxg6 13. Nxd5 Nxd5 14.
Bd2 a5 15. e4 Nb4 16. Bxb4 axb4 17. d5 cxd5 18. Bb5+ Kd8 19. O-O-O Rc8+ 20. Kb1
Rc5 21. exd5 Rh5 22. Be2 Rhxd5 23. Bc4 Rd6 24. Bxf7 Rf5 25. Bxg6 Rxf2 26. Be4
b6 27. Rxd6+ exd6 28. Ka2 Be7 29. Rc1 Bf6 30. Rc2 Rxc2 31. Bxc2 Bd4 32. Be4
1/2-1/2

[Event "Liga Madrileña 2010/2011 - D. Honor"]
[Site "Madrid ESP"]
[Date "2011.02.13"]
[Round "10.34"]
[White "Martin Duque, Jesus"]
[Black "Elguezabal Varela, Daniel"]
[Result "0-1"]
[WhiteElo "2115"]
[BlackElo "2357"]
[PlyCount "66"]
[EventDate "2010.11.21"]
[EventType "team"]
[EventRounds "14"]
[EventCountry "ESP"]
[Source "lmi"]
[SourceDate "2010.11.21"]
[WhiteTeam "Vallecas CDV"]
[BlackTeam "La Casa del Ajedrez"]
[WhiteTeamCountry "ESP"]
[BlackTeamCountry "ESP"]

1. e4 c5 2. Nf3 Nc6 3. d4 cxd4 4. Nxd4 Nf6 5. Nc3 e6 6. Nxc6 bxc6 7. e5 Nd5 8.
Ne4 f5 9. exf6 Nxf6 10. Nd6+ Bxd6 11. Qxd6 Ba6 12. c4 Qb6 13. Bd3 Bxc4 14. Be3
Qa5+ 15. Bd2 Qd5 16. Qxd5 Bxd5 17. f3 a5 18. Ke2 c5 19. Rhc1 d6 20. Bb5+ Ke7
21. a4 Rhc8 22. Rc3 Bc6 23. Rb3 Kd7 24. Bxc6+ Kxc6 25. Rb5 Rcb8 26. Rxa5 Rxa5
27. Bxa5 Rxb2+ 28. Bd2 Kb6 29. a5+ Ka6 30. Rc1 Nd5 31. Rc4 Kb5 32. Rg4 g6 33.
Kd3 c4+ 0-1

[Event "Liga Madrileña 2010/2011 - D. Honor"]
[Site "Madrid ESP"]
[Date "2011.02.13"]
[Round "10.35"]
[White "Suarez Uriel, Adrian"]
[Black "Madurga Lopez, Ignacio"]
[Result "1-0"]
[WhiteElo "2215"]
[BlackElo "1988"]
[PlyCount "59"]
[EventDate "2010.11.21"]
[EventType "team"]
[EventRounds "14"]
[EventCountry "ESP"]
[Source "lmi"]
[SourceDate "2010.11.21"]
[WhiteTeam "La Casa del Ajedrez"]
[BlackTeam "Vallecas CDV"]
[WhiteTeamCountry "ESP"]
[BlackTeamCountry "ESP"]

1. e4 c5 2. Ne2 Nf6 3. Nbc3 d6 4. g3 Nc6 5. Bg2 g6 6. d3 Bg7 7. h3 O-O 8. Be3
e5 9. Qd2 Nd4 10. f4 b5 11. O-O Rb8 12. Nd1 Nxe2+ 13. Qxe2 Nh5 14. Qf3 exf4 15.
gxf4 f5 16. Qf2 Qe7 17. e5 dxe5 18. Bxc5 Qc7 19. Bxf8 Kxf8 20. fxe5 Qxe5 21.
Re1 Qc7 22. Nc3 Be5 23. d4 Bd6 24. Nd5 Bh2+ 25. Kh1 Qd6 26. Re8+ Kf7 27. Qe1
Ng3+ 28. Kxh2 Ne4+ 29. Re5 Be6 30. Bxe4 1-0

[Event "Liga Madrileña 2010/2011 - D. Honor"]
[Site "Madrid ESP"]
[Date "2011.02.13"]
[Round "10.36"]
[White "Muñoz Sanchez, Daniel"]
[Black "Collado Barbas, Laura"]
[Result "0-1"]
[WhiteElo "1976"]
[BlackElo "2040"]
[PlyCount "73"]
[EventDate "2010.11.21"]
[EventType "team"]
[EventRounds "14"]
[EventCountry "ESP"]
[Source "lmi"]
[SourceDate "2010.11.21"]
[WhiteTeam "Vallecas CDV"]
[BlackTeam "La Casa del Ajedrez"]
[WhiteTeamCountry "ESP"]
[BlackTeamCountry "ESP"]

1. e4 e6 2. d3 d5 3. Nd2 Nf6 4. Ngf3 b6 5. c3 c5 6. Qa4+ Bd7 7. Qc2 Nc6 8. e5
Ng8 9. Nb3 Rc8 10. Bf4 Nge7 11. Qd2 Ng6 12. g3 f6 13. Qe2 Nxf4 14. gxf4 Be7 15.
O-O-O O-O 16. Kb1 a5 17. c4 a4 18. Nbd2 fxe5 19. fxe5 b5 20. h4 bxc4 21. dxc4
Qb6 22. Ka1 Rb8 23. Rb1 Nb4 24. Ne1 d4 25. a3 d3 26. Qd1 Nc2+ 27. Nxc2 dxc2 28.
Qxc2 Rxf2 29. Bd3 Qa5 30. Rbd1 Bc6 31. Rh3 Rd8 32. Qc1 Qb6 33. Qc3 Rd4 34. Rf1
Rxf1+ 35. Bxf1 Qd8 36. Rd3 Bxh4 37. Nf3 0-1

[Event "Liga Madrileña 2010/2011 - D. Honor"]
[Site "Madrid ESP"]
[Date "2011.02.13"]
[Round "10.41"]
[White "Candela Perez, Jose"]
[Black "Valles Moreno, Ivan"]
[Result "0-1"]
[WhiteElo "2399"]
[BlackElo "2366"]
[PlyCount "70"]
[EventDate "2010.11.21"]
[EventType "team"]
[EventRounds "14"]
[EventCountry "ESP"]
[Source "lmi"]
[SourceDate "2010.11.21"]
[WhiteTeam "Leganes"]
[BlackTeam "Amigos del Retiro"]
[WhiteTeamCountry "ESP"]
[BlackTeamCountry "ESP"]

1. d4 d5 2. c4 c6 3. Nf3 Nf6 4. e3 Bg4 5. Nc3 e6 6. h3 Bxf3 7. Qxf3 Nbd7 8. Bd3
Bb4 9. O-O O-O 10. a3 Ba5 11. b4 Bc7 12. Bb2 Qe7 13. Qe2 Rfe8 14. f4 a5 15. c5
e5 16. fxe5 Nxe5 17. dxe5 Qxe5 18. Rxf6 gxf6 19. Qg4+ Qg5 20. e4 Qxg4 21. hxg4
axb4 22. axb4 Rxa1+ 23. Bxa1 Be5 24. exd5 cxd5 25. Bf5 Bg3 26. Ne4 dxe4 27. Kf1
Be5 28. Bxe5 Rxe5 29. Ke2 e3 30. Bc8 Re7 31. Bf5 Kg7 32. Bd3 Kh6 33. b5 Rc7 34.
Kxe3 Rxc5 35. Kd4 b6 0-1

[Event "Liga Madrileña 2010/2011 - D. Honor"]
[Site "Madrid ESP"]
[Date "2011.02.13"]
[Round "10.42"]
[White "Vallejo Diaz, Javier"]
[Black "Arribas Lopez, Angel"]
[Result "1-0"]
[WhiteElo "2350"]
[BlackElo "2439"]
[PlyCount "107"]
[EventDate "2010.11.21"]
[EventType "team"]
[EventRounds "14"]
[EventCountry "ESP"]
[Source "lmi"]
[SourceDate "2010.11.21"]
[WhiteTeam "Amigos del Retiro"]
[BlackTeam "Leganes"]
[WhiteTeamCountry "ESP"]
[BlackTeamCountry "EST"]

1. e4 d6 2. d4 Nf6 3. Nc3 e5 4. Nf3 Nbd7 5. Bc4 Be7 6. O-O O-O 7. Re1 c6 8. a4
a5 9. b3 Nb6 10. Bf1 exd4 11. Nxd4 d5 12. e5 Ne8 13. f4 g6 14. Nce2 Ng7 15. Ng3
c5 16. Nb5 h5 17. Bd3 Bg4 18. Qd2 Qd7 19. Qf2 h4 20. Nf1 Bf5 21. Ba3 d4 22. Nd2
Nd5 23. Ne4 Ne6 24. Bc1 f6 25. Nxf6+ Nxf6 26. Bxf5 gxf5 27. exf6 Bxf6 28. Bd2
d3 29. c3 Rad8 30. Na3 Nd4 31. cxd4 Bxd4 32. Be3 Bxa1 33. Rxa1 d2 34. Rd1 Qd3
35. Nc4 Qxb3 36. Qe2 Rf6 37. Rxd2 Rxd2 38. Bxd2 Qxa4 39. Bc3 Qc6 40. Qe5 b5 41.
Nxa5 Qd6 42. Qxf6 Qd1+ 43. Kf2 Qc2+ 44. Ke1 Qe4+ 45. Kd1 Qa4+ 46. Kc1 Qxf4+ 47.
Bd2 Qf1+ 48. Kc2 Qxg2 49. Qxh4 Kf7 50. Qh7+ Ke6 51. Qb7 Qxh2 52. Qxb5 Qe5 53.
Qe8+ Kd5 54. Qc6+ 1-0

[Event "Liga Madrileña 2010/2011 - D. Honor"]
[Site "Madrid ESP"]
[Date "2011.02.13"]
[Round "10.43"]
[White "Taboas Rodriguez, Daniel"]
[Black "Perez Gonzalez, Jose Manuel"]
[Result "0-1"]
[WhiteElo "2366"]
[BlackElo "2281"]
[PlyCount "128"]
[EventDate "2010.11.21"]
[EventType "team"]
[EventRounds "14"]
[EventCountry "ESP"]
[Source "lmi"]
[SourceDate "2010.11.21"]
[WhiteTeam "Leganes"]
[BlackTeam "Amigos del Retiro"]
[WhiteTeamCountry "ESP"]
[BlackTeamCountry "ESP"]

1. d4 Nf6 2. Nf3 g6 3. c4 c5 4. d5 b5 5. cxb5 a6 6. b6 a5 7. e3 Qxb6 8. Nc3 d6
9. Bb5+ Bd7 10. a4 Bg7 11. Nd2 O-O 12. Nc4 Qd8 13. O-O Na6 14. e4 Nb4 15. Qe2
Bxb5 16. Nxb5 Nd7 17. Bg5 f6 18. Bh4 Nb6 19. f4 Nxc4 20. Qxc4 Kh8 21. f5 Na6
22. Be1 Nb8 23. Ra3 Nd7 24. Rh3 Ne5 25. Qe2 g5 26. Bc3 h6 27. Rh5 Kg8 28. h4
Nf7 29. Na3 Qc7 30. Nc4 Ra7 31. Qd2 Rfa8 32. Ra1 Qd8 33. Ra3 Qe8 34. Qe2 Rb8
35. hxg5 fxg5 36. Bxg7 Kxg7 37. e5 Rab7 38. Rah3 dxe5 39. Qg4 Qh8 40. Rxh6 Qxh6
41. Rxh6 Kxh6 42. Qh3+ Kg7 43. Qh5 Rb4 44. Qg6+ Kf8 45. Nxa5 Rxa4 46. Nc6 Rxb2
47. d6 exd6 48. Nd8 Nxd8 49. Qxd6+ Ke8 50. Qxe5+ Kd7 51. Qxb2 Rd4 52. Qc1 Kc6
53. Qxg5 c4 54. f6 c3 55. f7 Nxf7 56. Qf6+ Kc5 57. Qxf7 Rc4 58. Qf2+ Kb4 59.
Qc2 Rd4 60. Qb1+ Kc4 61. Kf2 Rd2+ 62. Ke3 Rb2 63. Qe4+ Kb3 64. Qe6+ Kc2 0-1